Goopy gyne bagha byne / (Record no. 157505)

MARC details
000 -LEADER
fixed length control field 00613nam a22002297a 4500
003 - CONTROL NUMBER IDENTIFIER
control field dpl
005 - DATE AND TIME OF LATEST TRANSACTION
control field 20180914155904.0
008 - FIXED-LENGTH DATA ELEMENTS--GENERAL INFORMATION
fixed length control field 180914b xxu||||| |||| 00| 0 eng d
010 ## - LIBRARY OF CONGRESS CONTROL NUMBER
LC control number B-132800
020 ## - INTERNATIONAL STANDARD BOOK NUMBER
International Standard Book Number 0143335898
Terms of availability 199.00
035 ## - SYSTEM CONTROL NUMBER
System control number B-132800
040 ## - CATALOGING SOURCE
Original cataloging agency DPL
Language of cataloging EN
Transcribing agency 0
082 ## - DEWEY DECIMAL CLASSIFICATION NUMBER
Classification number S
Item number ROY
100 ## - MAIN ENTRY--PERSONAL NAME
Personal name Roychoudhury, Upendrakishore
245 ## - TITLE STATEMENT
Title Goopy gyne bagha byne /
Statement of responsibility, etc by Upendrakishore, Roychoudhury
260 ## - PUBLICATION, DISTRIBUTION, ETC. (IMPRINT)
Place of publication, distribution, etc London
Name of publisher, distributor, etc Puffin books
270 ## - ADDRESS
Address 80 Strand
City London
300 ## - PHYSICAL DESCRIPTION
Extent 167p.:
Dimensions 20cm
700 ## - ADDED ENTRY--PERSONAL NAME
Personal name Deb, Swagata
700 ## - ADDED ENTRY--PERSONAL NAME
Personal name Bhattacharya, Dipankar
942 ## - ADDED ENTRY ELEMENTS (KOHA)
Source of classification or shelving scheme Dewey Decimal Classification
Koha item type English Books
Classification part S
Call number suffix ROY
Holdings
Withdrawn status Lost status Source of classification or shelving scheme Damaged status Not for loan Collection code Home library Current library Date acquired Source of acquisition Cost, normal purchase price Total Checkouts Total Renewals Full call number Barcode Date last seen Date checked out Cost, replacement price Price effective from Koha item type
    Dewey Decimal Classification     Non-fiction Patel Nagar Patel Nagar 14/09/2018 BPPD/PUB 199.00 4 1 S ROY B-132800 25/09/2024 14/09/2024 199.00 14/09/2018 English Books

© Delhi Public Library
Hit Counter
free hit counter